00488nam a2200181Ia 4500008004100000020001500041082002200056100003300078245006000111250001800171260002300189260000900212300001000221500000800231650001200239650002800251650002700279260428s9999 xx 000 0 und d a9801210842 a341 O49i 2005 HNA aOllarves Irazábal, Jesús 0aIus cogens en el derecho internacional contemporáneo. a1a. edición bCaracas, Venezuela c2005 a538p. aHNA aDerecho aDerecho Contemporáneo aDerecho internacional